| 000 | 00363nam a22001577a 4500 | ||
|---|---|---|---|
| 003 | SGT | ||
| 020 | _a978-1-58890-488-1 | ||
| 082 |
_a547 _bHES |
||
| 100 | _aHESSE, MANFRED | ||
| 245 | _aSPECTROSCOPIC METHODS IN ORGANIC CHEMISTRY | ||
| 250 | _a2ND | ||
| 260 |
_aUSA _bTHIEME PUB. _c2008 |
||
| 300 | _a4530 | ||
| 650 | _aORGANIC CHEMISTRY | ||
| 942 |
_2ddc _cBK |
||
| 999 |
_c33106 _d33106 |
||